Famous Pairs (In Reverse) Quiz Stats

Quiz Updated Jan 19, 2012

Also try: Famous Pairs
Challenge
Share
Tweet
Embed
Score 0/32 Timer 07:00
1 Play Today
Pair in other words Official Pair % Correct
Montague and CapuletRomeo and Juliet
79.9%
Osmond and OsmondDonny and Marie
75.9%
Lane and KentLois & Clark
73.3%
Paul and ArtSimon and Garfunkel
68.9%
Bono and SarkisianSonny & Cher
59.7%
Daryl and JohnHall & Oates
59.6%
Stan and OliverLaurel and Hardy
53.7%
Dean and JerryMartin and Lewis
49.9%
Bud and LouAbbott and Costello
49.9%
P.T. and JamesBarnum & Bailey
49.4%
Marin and TommyCheech & Chong
43.4%
DeFazio and FeeneyLaverne & Shirley
39.4%
Vicious and SpungenSid & Nancy
37.6%
Parker and BarrowBonnie and Clyde
35.5%
George and GracieBurns and Allen
35%
Gene and RogerSiskel and ****
34.7%
Pair in other words Official Pair % Correct
Richard and OscarRodgers and Hammerstein
32.2%
Truman and AdlerWill & Grace
32.2%
Lee and PatelHarold and Kumar
25.9%
Christine and Mary BethCagney & Lacey
25.7%
Dan and DickRowan & Martin
25.2%
Jerry and AnneStiller and Meara
22.8%
Kix and RonnieBrooks & Dunn
18.9%
Stephen and HughFry and Laurie
17.2%
David and KennethStarsky & Hutch
17.1%
Rick and A.J.Simon & Simon
15.4%
Cohen and GreenfieldBen & Jerry
14.7%
McArdle and LowellKate & Allie
9.9%
Preston and LoganBill & Ted
9.3%
Jones and BrownAmos 'n' Andy
9.3%
Dickinson and SawyerThelma & Louise
8.2%
Fischbacher and HornSiegfried & Roy
4.9%

You're not logged in!

Compare scores with friends on all Sporcle quizzes.
Sign Up with Email
OR
Log In

You Might Also Like...

Show Comments

Extras

Top Quizzes Today


Score Distribution

Your Account Isn't Verified!

In order to create a playlist on Sporcle, you need to verify the email address you used during registration. Go to your Sporcle Settings to finish the process.